000 00539nam a2200229Ia 4500
003 OSt
005 20220918184200.0
006 a|||||r|||| 00| 0
007 ta
008 220917b |||||||| |||| 00| 0 eng d
024 _a45,147
037 _cTextual
040 _aARTS
_cARTS
_beng
041 _2eng
_aeng
082 _aO29, J5
100 _aKerr W
_964859
245 0 _aHow not to write a play
260 _c1955
650 _aENGLISH LITERATURE
942 _hO29, J5
_cTEXL
_2CC
999 _c175496
_d175496